Estatísticas para Cantos da torcida do Flamengo (#4)

Clique aqui para jogar o quiz

Estatísticas Gerais

  • Esse quiz foi jogado 20 vezes
  • A pontuação média é 43 de 47

Estatísticas das Respostas

Resposta% Correto
contigo
100%
Estou
100%
Mengo!
100%
sempre
100%
Com
94%
contigo
94%
estarei
94%
esteja
94%
importa
94%
nação
94%
Não
94%
onde
94%
Sempre
94%
Somos
94%
uma
94%
a
88%
a
88%
bandeira
88%
começar
88%
coração
88%
dá-lhe
88%
Dá-lhe
88%
dá-lhe
88%
dá-lhe
88%
Dá-lhe
88%
dá-lhe
88%
dá-lhe
88%
Dá-lhe
88%
dá-lhe
88%
do
88%
E
88%
é
88%
festa
88%
manto
88%
mão
88%
Maraca
88%
Mengão
88%
meu
88%
meu
88%
na
88%
nosso
88%
ô
88%
ô
88%
ô
88%
O
88%
sagrado
88%
Vai
88%

Distribuição das Pontuações

Percentil de Números Respondidos

Porcentagem de Pessoas com Cada Pontuação

Sua Pontuação Histórica

Você não jogou esse quiz